00338nam a2200157Ia 4500003000900000008004100009040001300050040001300063041000800076100002300084245003600107250001200143260000800155300001000163490000700173IT-RoPAU120407s9999 xx 000 0 und d aIT-RoPAU cIT-RoPAU aita aGiuseppe Barbaglio aSchede bibliche pastorali (G-I) aBologna aEDB c24 cm v48